000
00194nam a2200097Ia 4500
008
240331s9999 xx 000 0 und d
082
_b
SAM
100
_a
CWDS
245
0
_a
Samya sakthi
942
_c
L
999
_c
1808
_d
1808